Wars Of The 21st Century - Statistics

General Stats
  • This quiz has been taken 219 times
    109 since last reset
  • The average score is 6 of 15
Answer Stats
Year Hint War % Correct
2001-2021 This mountainous Asian country has been in some state of war for 5 decades. Terrorist rebels have won recently. War in {Afghanistan}
99%
2003-2011 In this Middle Eastern war, a Coalition of nations invaded and deposed a dictator Iraq War
65%
2011- This conflict in the Middle East has led to a mass exodus, with many refugees notably heading to the EU. In 2025, a key dictator was ousted. Syrian Civil War
60%
2014- This civil war in the Southern Arabian Peninsula came from religious and ethnic conflict Yemeni civil war
60%
2003-2020 This war in Western Sudan was noted for the heavy use of Toyota Land Cruisers War in {Darfur}
49%
2023- The third civil war in this African country was sparked between two major rival factions of the military government {Sudanese} Civil War
43%
2011-2020 Two civil wars have occurred in this African country and a long ruling dictator was deposed. {Libyan} Civil Wars
40%
2021- This civil war started after a coup by a military junta in 2021 {Myanmar} civil war
39%
2006- An asymmetrical conflict, this war started between the government and organized crime and cartels Mexican Drug War
35%
2008 A Soviet country with two breakaway regions was attacked by another country in this quiz. Russo-Georgian War
30%
2014- It began in 2014 with the annexation of a peninsula but has dramatically increased in size in 2022. Russo-Ukrainian War
29%
2023- This war came from a decades old ethnoreligious territorial conflict in the Levant Gaza war
26%
2004- This conflict in the Eastern DRC followed "Africa's World War", and intensified in 2022 {Kivu} Conflict/{M23} offensive
22%
2020 Two former Soviet states fought again in an ethnoterritorial dispute Second {Nagorno-Karabakh} War
22%
2020- Gangs took over 90% of the capital city in a Caribbean country Gang war in Haiti
18%
No matching quizzes found
Score Distribution
Percent of People with Each Score
Percentile by Number Answered
Your Score History
You have not taken this quiz since the last reset